|
|
|
|
| LEADER |
00871nta a2200205 i 4500 |
| 001 |
dokt6711 |
| 005 |
20220713134304.0 |
| 008 |
220713s1982 hu om 0|| hun d |
| 040 |
|
|
|a SZTE Doktori Repozitórium
|b hun
|
| 041 |
|
|
|a hun
|
| 100 |
1 |
|
|a Keveházi Katalin
|
| 245 |
1 |
0 |
|a Melanchton és a Wittenbergben tanult magyarok az 1550-es évektől 1587-ig (Adalékok Melanchton magyarországi recepciójának első évszázadához)
|h [elektronikus dokumentum] /
|c Keveházi Katalin
|
| 260 |
|
|
|c 1982
|
| 502 |
|
|
|a Disszertacio
|
| 650 |
|
4 |
|a irodalom- és kultúra tudományok
|
| 650 |
|
4 |
|a Bölcsészettudományok
|
| 650 |
|
4 |
|a Művészetek (művészetek, művészettörténet, előadóművészetek, zene)
|
| 695 |
|
|
|a Művelődéstörténet
|
| 700 |
1 |
|
|a nincs megadva
|e ths
|
| 856 |
4 |
0 |
|u https://doktori.bibl.u-szeged.hu/id/eprint/6711/1/1982_kevehazi_katalin.pdf
|z Dokumentum-elérés
|